15 principaux pays touchés par Covid-19 - 4 janvier - Statistiques

Statistiques générales
  • Ce quiz a été pris 48 fois
  • Le résultat moyen est 13 sur 29
Statistiques - réponses
pays % Correct
France
100%
Espagne
96%
Etats-Unis
91%
Italie
87%
Brésil
80%
Allemagne
78%
Inde
78%
Mexique
76%
Royaume-Uni
76%
Russie
73%
Argentine
62%
Suède
49%
Belgique
47%
Pologne
47%
Suisse
42%
Pays-Bas
40%
Colombie
31%
Turquie
27%
Iran
18%
Israël
16%
Croatie
11%
Slovénie
9%
Tchéquie
9%
Qatar
4%
Bahreïn
2%
Géorgie
2%
Panama
2%
Arménie
0%
Lituanie
0%
Aucun quiz correspondant
Distribution des résultats
% des personnes avec chaque résultat
Percentile par nombre de réponses
Votre historique - résultats
Vous n’avez pas pris ce quiz